000
00313nam a22001337a 4500
020
_a
978-93-5085-846-2
082
_a
823
_b
TIN/S
100
_a
TINKLE
245
_a
SUPPANDI WHO'S THE BOSS
260
_a
MUMBAI
_b
AMAR CHITRA KATHA PVT LTD
_c
2023
300
_a
70
650
_a
COMIC FOR CHILDREN
_z
INDIA
942
_c
BK
999
_c
7019
_d
7019